000 00652nam a2200193Ii 4500
003 JO-AjNU
008 230605s9999||||xx |||||||||||||| ||und||
040 _aJO-AjNU
_bara
_erda
_cJO-AjNU
041 _aara
050 1 4 _aDS223.M85 2006
100 3 _aحسين، حمدي عبد المنعم,
_eauthor
_914726
245 0 0 _aتاريخ الجزيرة العربية
264 3 1 _aالاسدكندرية: دار المعرفة الجامعية، 2006
300 _a234ص
336 _atext
_btxt
_2rdacontent
337 _aunmediated
_bn
_2rdamedia
338 _avolume
_bnc
_2rdacarrier
650 4 _aشبة الجزيرة العربية-تاريخ
_914727
999 _aA3995
_c7563
_d7563